| 000 | 01084nam a22003377a 4500 | ||
|---|---|---|---|
| 003 | CHAP | ||
| 005 | 20220817042419.0 | ||
| 008 | 971013s1984 r 00010 d | ||
| 010 | _a43943 | ||
| 011 | _a44915 | ||
| 035 | _a49054 | ||
| 040 | _cCHAP | ||
| 090 | _aTesis | ||
| 100 | 0 | 0 |
_aRamírez de la Garza, Mario Alberto. _993954 |
| 245 | _aEfecto de la administración oral de suero sanguíneo en lechones | ||
| 260 |
_aMarín, N. L. : _bEl autor, _c1984 |
||
| 300 | _a36 . | ||
| 502 | _aTesis (Ing. Agr. Zootecnista) -- Universidad Autónoma de Nuevo León. Facultad de Agronomía | ||
| 590 |
_aALEPH _b10 _c20130110 _lUCH01 _h1312 |
||
| 590 |
_aBATCH-UPD _b10 _c20130110 _lUCH01 _h1057 |
||
| 590 |
_aBATCH-UPD _b10 _c20130410 _lUCH01 _h0651 |
||
| 590 |
_aBATCH-UPD _b10 _c20130914 _lUCH01 _h0819 |
||
| 590 |
_aCONVERSION _b10 _c20130109 _lUCH01 _h1324 |
||
| 650 | 1 | 4 |
_aCalostro. _917582 |
| 650 | 1 | 4 |
_aGanado porcino _xNutrición. _945390 |
| 650 | 1 | 4 | _aLechones. |
| 650 | 1 | 4 |
_aSuero. _9110585 |
| 901 | _aBK | ||
| 942 | _cTESIS | ||
| 949 |
_bBC _cTES _d-110776 _eTS1 _h20025 _i49054 _si |
||
| 999 |
_c43943 _d43943 |
||